| 000 | 01571nam a2200457 c 4500 | ||
|---|---|---|---|
| 001 | 22584 | ||
| 003 | ES-MaCES | ||
| 005 | 20211125141312.0 | ||
| 008 | 091028s2009 sp l 000 | spa d | ||
| 017 |
_aNA 1960-2009 _bDL |
||
| 020 | _a9788447032525 | ||
| 035 | _aCES20090011383m | ||
| 040 |
_aES-MaCES _bspa _cES-MaCES |
||
| 110 | 1 |
_aEspaña _tConstitución, 1978 _92752 |
|
| 245 | 1 | 0 |
_aConstitución y Tribunal Constitucional _cedición preparada por Enrique Linde Paniagua |
| 250 | _a25ª ed | ||
| 260 |
_aCizur Menor _bCivitas-Thomson Reuters _c2009 |
||
| 300 |
_a522 p. _c21 cm |
||
| 490 | 1 |
_aBiblioteca de legislación _v10. Textos legales anotados |
|
| 504 | _aÍndices | ||
| 541 | _cCompra | ||
| 650 | 4 |
_aconstitución _927193 |
|
| 650 | 4 |
_a1978 _930892 |
|
| 650 | 4 |
_atribunal constitucional _927194 |
|
| 650 | 4 |
_a1979 _930880 |
|
| 650 | 4 |
_aEspaña _926964 |
|
| 650 | 4 |
_alegislación _927153 |
|
| 650 | 4 |
_ajurisprudencia _928624 |
|
| 650 | 4 |
_atexto _929624 |
|
| 653 | 1 | 0 | _aLegislación |
| 700 | 1 |
_aLinde Paniagua, Enrique _eed. lit. _916633 |
|
| 710 | 1 |
_aEspaña _bTribunal Constitucional _93446 |
|
| 710 | 1 |
_aEspaña _tLey del Tribunal Constitucional _d1979 _92974 |
|
| 775 | 0 |
_tConstitución y Tribunal Constitucional _w(ES-MaCES)24040 |
|
| 775 | 0 |
_tConstitución y Tribunal Constitucional _w(ES-MaCES)21602 |
|
| 830 | 0 |
_aBiblioteca de legislación _v10 _932132 |
|
| 830 | 0 |
_aBiblioteca de legislación _pTextos legales anotados _934145 |
|
| 902 | _aLIB Libro | ||
| 942 |
_2CES _cBK _h6.1. |
||
| 999 |
_c22584 _d22584 |
||